Statistics for Every train station in Luxembourg

Click here to take the quiz!

General Stats

  • This quiz has been taken 17 times
  • The average score is 38 of 70

Answer Stats

LineStation% Correct
1Luxembourg
100%
7Luxembourg
100%
6Luxembourg
100%
5Luxembourg
100%
3Luxembourg
100%
6aEsch-sur-Alzette
92%
6fBelval Lycée
85%
6fBelval-Rédange
85%
6fBelval-Université
85%
6Bettembourg
77%
1Clervaux
77%
6fDifferdange
77%
1Ettelbruck
77%
6fPétange
77%
7Pétange
77%
1bWiltz
77%
6Howald
69%
6gRodange
69%
6aSchifflange
69%
3Wasserbillig
69%
6bDudelange-Centre
62%
6bDudelange-Usines
62%
6bDudelange-Ville
62%
1Mersch
62%
6aNoertzange
62%
1Troisvierges
62%
1Walferdange
62%
6fBelvaux-Soleuvre
54%
6Berchem
54%
5Bertrange-Strassen
54%
5Capellen
54%
1aDiekirch
54%
1Dommeldange
54%
5Kleinbettingen
54%
6gLamadelaine
54%
5Mamer
54%
5Mamer Lycée
54%
3Mertert
54%
6fNiederkorn
54%
1Rout Bréck-Pafendall
54%
6cRumelange
54%
3Sandweiler-Contern
54%
1Colmar-Berg
46%
6fOberkorn
46%
1bParadiso
46%
6cTétange
46%
3Wecker
46%
7Bascharage-Sanem
38%
6bBurange
38%
3Cents-Hamm
38%
7Dippach-Reckange
38%
1Kautenbach
38%
6cKayl
38%
3Munsbach
38%
1Schieren
38%
3Betzdorf
31%
1Heisdorf
31%
7Leudelange
31%
1Lorentzweiler
31%
1Michelau
31%
3Oetrange
31%
1Wilwerwiltz
31%
1Cruchten
23%
1Drauffelt
23%
1Lintgen
23%
3Manternach
23%
3Roodt
23%
7Schouweiler
23%
1Goebelsmühle
15%
1bMerkholtz
15%

Score Distribution

Percentile by Number Answered

Percent of People with Each Score

Your Score History

You have not taken this quiz